Mezinárodní měnový fond a jeho pomoc Československu

Na minha lista:
Detalhes bibliográficos
Formato: Livro
Idioma:tcheco
Publicado em: Praha Inst. řízení 1991
Edição:1. vyd.
Assuntos:
Tags: Adicionar Tag
Sem tags, seja o primeiro a adicionar uma tag!

MARC

LEADER 00000nam a2200000 4500
001 c003402
005 20221214094218.6
041 0 |a cze 
044 |a CZ 
245 1 0 |a Mezinárodní měnový fond a jeho pomoc Československu 
250 |a 1. vyd. 
264 1 |a Praha  |b Inst. řízení  |c 1991 
300 |a 19 s. 
610 2 0 |a Medzinárodný menový fond 
610 2 0 |a ČSFR 
610 2 0 |a pomoc finančná 
610 2 0 |a história 
610 2 0 |a 1944-1992 
610 2 0 |a organizácia